La Yougoslavie socialiste

Shranjeno v:
Bibliografske podrobnosti
Glavni avtor: Bobrowski, Czeslaw
Format: Knjiga
Jezik:Undetermined
Izdano: Paris Librairie A. Colin 1956
Oznake: Označite
Brez oznak, prvi označite!
Thư viện lưu trữ: Trung tâm Học liệu Trường Đại học Cần Thơ
LEADER 00416nam a2200157Ia 4500
001 CTU_77763
008 210402s9999 xx 000 0 und d
082 |a 330.9 
082 |b B663 
100 |a Bobrowski, Czeslaw 
245 0 |a La Yougoslavie socialiste 
245 0 |c Czeslaw Bobrowski 
260 |a Paris 
260 |b Librairie A. Colin 
260 |c 1956 
980 |a Trung tâm Học liệu Trường Đại học Cần Thơ